Lecciones de Termodinámica (Record no. 121565)

MARC details
000 -LEADER
campo de control de longitud fija 00764nam a2200217 4500
001 - NÚMERO DE CONTROL
campo de control 121565
003 - IDENTIFICADOR DE NÚMERO DE CONTROL
campo de control ES-MaACL
005 - FECHA Y HORA DE LA ÚLTIMA TRANSACCIÓN
campo de control 20250815113912.0
007 - CAMPO FIJO DE DESCRIPCIÓN FÍSICA--INFORMACIÓN GENERAL
campo de control de longitud fija t|
008 - DATOS DE LONGITUD FIJA--INFORMACIÓN GENERAL
campo de control de longitud fija 070214s1922 sp r ||||1| spa d
100 1# - ENTRADA PRINCIPAL--NOMBRE DE PERSONA
Nombre de persona Plans y Freire, José María.
9 (RLIN) 92571
245 10 - MENCIÓN DEL TÍTULO
Título Lecciones de Termodinámica
Resto del título : con aplicaciones a los fenómenos químicos /
Mención de responsabilidad, etc. por José Mª Plans y Freire.
250 ## - MENCION DE EDICION
Mención de edición 2ª ed.
Resto de la mención de edición con una lección de Físico-Química por Estaban Terradas.
260 ## - PUBLICACIÓN, DISTRIBUCIÓN, ETC.
Lugar de publicación, distribución, etc. Madrid :
Nombre del editor, distribuidor, etc. Calpe,
Fecha de publicación, distribución, etc. 1922.
300 ## - DESCRIPCIÓN FÍSICA
Extensión 171 p. ;
Dimensiones 19 cm.
490 1# - MENCIÓN DE SERIE
Mención de serie Biblioteca de Química (Calpe
700 1# - ENTRADA AGREGADA--NOMBRE PERSONAL
Nombre de persona Terradas, Esteban.
9 (RLIN) 109767
830 00 - PUNTO DE ACCESO ADICIONAL DE SERIE-TÍTULO UNIFORME
Título uniforme Biblioteca de química (Calpe)
9 (RLIN) 218757
852 ## - LOCALIZACIÓN
Ubicación ES-MaACL
Número de control de estantería F-417
Sublocalización o colección R.20290
Holdings
Estatus retirado Estado de pérdida Estado de daño No para préstamo Biblioteca de origen Biblioteca actual Ubicación en estantería Fecha de adquisición Fuente de adquisición Total de préstamos Signatura topográfica completa Código de barras Visto por última vez Precio de reemplazo Tipo de ítem Koha
        Biblioteca del Ateneo de Madrid Biblioteca del Ateneo de Madrid Depósito 2 17/01/2008     F-417 1126688 23/02/2023 23/02/2023 Libro impreso